000
00286 a2200121 4500
001
76246
082
_a
910.02 DAS
090
_c
39134
_d
39134
100
_a
Dasgufta, A
245
_a
Principles of Physical Geography
260
_a
New Delhi
_b
S, Chand and Co
500
_a
CFT Textbook
942
_a
NUST-CAE
_k
910.02 DAS
999
_c
311319
_d
311319